Rainbow science encyclopedia / (Record no. 196503)

MARC details
000 -LEADER
fixed length control field 00897nam a22002297a 4500
005 - DATE AND TIME OF LATEST TRANSACTION
control field 20230718144325.0
010 ## - LCCN (DPL NO)
LC control number B-754755-769 CHEN 25.5.23
020 ## - INTERNATIONAL STANDARD BOOK NUMBER
International Standard Book Number 9788181536570 (v.2)
Terms of availability 250.00
035 ## - SYSTEM CONTROL NUMBER
System control number B-754755-769
037 ## - SOURCE OF ACQUISITION
Source of stock number/acquisition Rainbow Books
082 ## - DEWEY DECIMAL CLASSIFICATION NUMBER
Classification number 503
245 ## - TITLE STATEMENT
Title Rainbow science encyclopedia /
Statement of responsibility, etc Compiled & edited by Aakanksha & Anand
250 ## - EDITION STATEMENT
Edition statement Fully Revised And Update
260 ## - PUBLICATION, DISTRIBUTION, ETC. (IMPRINT)
Place of publication, distribution, etc New Delhi
Name of publisher, distributor, etc Rainbow Books
Date of publication, distribution, etc 2019
270 ## - ADDRESS
Address F-32, Street No.12, Parwana Road, Jagat Puri,
City New Delhi
Postal code 110051
300 ## - PHYSICAL DESCRIPTION
Extent 104p.
Dimensions 25cm(Hb)
Other physical details col.ill
490 ## - SERIES STATEMENT
Series statement 1-4(series)
700 ## - ADDED ENTRY--PERSONAL NAME
Personal name Aakanksha
700 ## - ADDED ENTRY--PERSONAL NAME
Personal name Anand
942 ## - ADDED ENTRY ELEMENTS (KOHA)
Source of classification or shelving scheme Dewey Decimal Classification
Item type Children Books
Call number suffix RAI
Classification part 503
Holdings
Withdrawn status Lost status Not for loan Collection code Home library Current library Date acquired Source of acquisition Cost, normal purchase price Full call number Barcode Copy number Cost, replacement price Koha item type
      Non-fiction Ashok Vihar Ashok Vihar 18/07/2023 Rainbow Books/CH/RB/13597/14.3.23/459/2.3.23/22.3.23 250.00 503 RAI B-754756 1 250.00 Children Books
      Non-fiction Bawana Bawana 18/07/2023 Rainbow Books/CH/RB/13597/14.3.23/459/2.3.23/22.3.23 250.00 503 RAI B-754766 1 250.00 Children Books
      Non-fiction Central Library Central Library 18/07/2023 Rainbow Books/CH/RB/13597/14.3.23/459/2.3.23/22.3.23 250.00 503 RAI B-754755 1 250.00 Children Books
      Non-fiction Diz Area Diz Area 18/07/2023 Rainbow Books/CH/RB/13597/14.3.23/459/2.3.23/22.3.23 250.00 503 RAI B-754760 1 250.00 Children Books
      Non-fiction Janak Puri Janak Puri 18/07/2023 Rainbow Books/CH/RB/13597/14.3.23/459/2.3.23/22.3.23 250.00 503 RAI B-754761 1 250.00 Children Books
      Non-fiction Kadipur Kadipur 18/07/2023 Rainbow Books/CH/RB/13597/14.3.23/459/2.3.23/22.3.23 250.00 503 RAI B-754767 1 250.00 Children Books
      Non-fiction Kasturba Gandhi Marg Kasturba Gandhi Marg 18/07/2023 Rainbow Books/CH/RB/13597/14.3.23/459/2.3.23/22.3.23 250.00 503 RAI B-754758 1 250.00 Children Books
      Non-fiction Narela Narela 18/07/2023 Rainbow Books/CH/RB/13597/14.3.23/459/2.3.23/22.3.23 250.00 503 RAI B-754765 1 250.00 Children Books
      Non-fiction New Rohtak Road New Rohtak Road 18/07/2023 Rainbow Books/CH/RB/13597/14.3.23/459/2.3.23/22.3.23 250.00 503 RAI B-754764 1 250.00 Children Books
      Non-fiction Patel Nagar Patel Nagar 18/07/2023 Rainbow Books/CH/RB/13597/14.3.23/459/2.3.23/22.3.23 250.00 503 RAI B-754757 1 250.00 Children Books
      Non-fiction R.K.Puram-8 R.K.Puram-8 18/07/2023 Rainbow Books/CH/RB/13597/14.3.23/459/2.3.23/22.3.23 250.00 503 RAI B-754763 1 250.00 Children Books
      Non-fiction Sarojini Nagar Sarojini Nagar 18/07/2023 Rainbow Books/CH/RB/13597/14.3.23/459/2.3.23/22.3.23 250.00 503 RAI B-754762 1 250.00 Children Books
      Non-fiction Shahdara Branch Shahdara Branch 18/07/2023 Rainbow Books/CH/RB/13597/14.3.23/459/2.3.23/22.3.23 250.00 503 RAI B-754768 1 250.00 Children Books
      Non-fiction Tri Nagar Tri Nagar 18/07/2023 Rainbow Books/CH/RB/13597/14.3.23/459/2.3.23/22.3.23 250.00 503 RAI B-754759 1 250.00 Children Books
      Non-fiction Yojana Vihar Yojana Vihar 18/07/2023 Rainbow Books/CH/RB/13597/14.3.23/459/2.3.23/22.3.23 250.00 503 RAI B-754769 1 250.00 Children Books

© Delhi Public Library
Hit Counter
free hit counter